000 00430nmm a2200145Ia 4500
008 251105s9999||||xx |||||||||||||||||und||
041 _aspa
100 _aDavis, Lindsay
245 0 _aLa Venus de Cobre : la III novela de Marco Didio Falco
264 _a[Madrid, España] :
_bEdhasa,
_c1999
300 _a352 páginas
650 _aHistorical fiction
856 _uhttps://public.digitaliapublishing.com/a/30954
942 _cCF
999 _c104173
_d104173